Statistics for North American Sports Teams 1973-74

Click here to take the quiz!

General Stats

  • This quiz has been taken 6 times
  • The average score is 84 of 123

Answer Stats

HintAnswer% Correct
Georgia MLB:Atlanta Braves
83%
Georgia NFL:Atlanta Falcons
83%
Georgia NHL:Atlanta Flames
83%
Georgia NBA:Atlanta Hawks
83%
Maryland NFL:Baltimore Colts
83%
Maryland MLB:Baltimore Orioles
83%
British Columbia CFL:BC Lions
83%
New York NFL:Buffalo Bills
83%
New York NBA:Buffalo Braves
83%
New York NHL:Buffalo Sabres
83%
California MLB:California Angels
83%
DC NBA:Capital Bullets
83%
Illinois NFL:Chicago Bears
83%
Illinois NHL:Chicago Black Hawks
83%
Illinois NBA:Chicago Bulls
83%
Illinois MLB:Chicago Cubs
83%
Illinois MLB:Chicago White Sox
83%
Ohio NFL:Cincinnati Bengals
83%
Ohio MLB:Cincinnati Reds
83%
Ohio NFL:Cleveland Browns
83%
Ohio NBA:Cleveland Cavaliers
83%
Ohio MLB:Cleveland Indians
83%
Texas NFL:Dallas Cowboys
83%
Colorado NFL:Denver Broncos
83%
Colorado ABA:Denver Rockets
83%
California NBA:Golden State Warriors
83%
Wisconsin NFL:Green Bay Packers
83%
Texas MLB:Houston Astros
83%
Texas NBA:Houston Rockets
83%
Missouri NFL:Kansas City Chiefs
83%
Missouri/Nebraska NBA:Kansas City-Omaha Kings
83%
Missouri MLB:Kansas City Royals
83%
California MLB:Los Angeles Dodgers
83%
California NHL:Los Angeles Kings
83%
California NBA:Los Angeles Lakers
83%
California NFL:Los Angeles Rams
83%
Florida NFL:Miami Dolphins
83%
Wisconsin MLB:Milwaukee Brewers
83%
Wisconsin NBA:Milwaukee Bucks
83%
Minnesota MLB:Minnesota Twins
83%
Minnesota NFL:Minnesota Vikings
83%
Quebec NHL:Montreal Canadiens
83%
Quebec MLB:Montreal Expos
83%
Louisiana NFL:New Orleans Saints
83%
California MLB:Oakland Athletics
83%
California NFL:Oakland Raiders
83%
Pennsylvania NBA:Philadelphia 76ers
83%
Pennsylvania NFL:Philadelphia Eagles
83%
Pennsylvania NHL:Philadelphia Flyers
83%
Pennsylvania MLB:Philadelphia Phillies
83%
Arizona NBA:Phoenix Suns
83%
Pennsylvania NHL:Pittsburgh Penguins
83%
Pennsylvania MLB:Pittsburgh Pirates
83%
Pennsylvania NFL:Pittsburgh Steelers
83%
Oregon NBA:Portland Trailblazers
83%
Texas ABA:San Antonio Spurs
83%
California NFL:San Diego Chargers
83%
California MLB:San Diego Padres
83%
California NFL:San Francisco 49ers
83%
California MLB:San Francisco Giants
83%
Washington NBA:Seattle SuperSonics
83%
Missouri NHL:St. Louis Blues
83%
Missouri MLB: | Missouri NFL:St. Louis Cardinals
83%
Texas MLB:Texas Rangers
83%
Ontario NHL:Toronto Maple Leafs
83%
British Columbia WHA:Vancouver Blazers
83%
British Columbia NHL:Vancouver Canucks
83%
DC NFL:Washington Redskins
83%
Manitoba WHA:Winnipeg Jets
83%
Massachusetts NHL:Boston Bruins
67%
Massachusetts NBA:Boston Celtics
67%
Massachusetts MLB:Boston Red Sox
67%
Michigan NFL:Detroit Lions
67%
Michigan NBA:Detroit Pistons
67%
Michigan NHL:Detroit Red Wings
67%
Michigan MLB:Detroit Tigers
67%
Alberta WHA:Edmonton Oilers
67%
Texas NFL:Houston Oilers
67%
Indiana ABA:Indiana Pacers
67%
Minnesota NHL:Minnesota North Stars
67%
Massachusetts NFL:New England Patriots
67%
Massachusetts WHA:New England Whalers
67%
New York NFL:New York Giants
67%
New York NHL:New York Islanders
67%
New York NFL:New York Jets
67%
New York NBA:New York Knicks
67%
New York MLB:New York Mets
67%
New York NHL:New York Rangers
67%
New York MLB:New York Yankees
67%
Missouri NASL:St. Louis Stars
67%
Utah ABA:Utah Stars
67%
Alberta CFL:Calgary Stampeders
50%
California NHL:California Golden Seals
50%
Alberta CFL:Edmonton Eskimos
50%
Ontario CFL:Hamilton Tiger-Cats
50%
Texas WHA:Houston Aeros
50%
Kentucky ABA:Kentucky Colonels
50%
Quebec CFL:Montreal Alouettes
50%
New York ABA:New York Nets
50%
Ontario CFL:Ottawa Rough Riders
50%
Quebec WHA:Quebec Nordiques
50%
Saskatchewan CFL:Saskatchewan Roughriders
50%
Ontario CFL:Toronto Argonauts
50%
Manitoba CFL:Winnipeg Blue Bombers
50%
North Carolina ABA:Carolina Cougars
33%
Illinois WHA:Chicago Cougars
33%
California WHA:Los Angeles Sharks
33%
Florida NASL:Miami Toros
33%
Minnesota WHA:Minnesota Fighting Saints
33%
Ontario WHA:Toronto Toros
33%
Virginia ABA:Virginia Squires
33%
Georgia NASL:Atlanta Apollos
17%
Ohio WHA:Cleveland Crusaders
17%
Texas NASL:Dallas Tornado
17%
Tennessee ABA:Memphis Tams
17%
Quebec NASL:Montreal Olympique
17%
New York NASL:New York Cosmos
17%
New Jersey/New York WHA:NY Golden Blades-Jersey Knights
17%
Pennsylvania NASL:Philadelphia Atoms
17%
New York NASL:Rochester Lancers
17%
California ABA:San Diego Conquistadors
17%
Ontario NASL:Toronto Metros
17%

Score Distribution

Percentile by Number Answered

Percent of People with Each Score

Your Score History

You have not taken this quiz